Nhập môn xã hội học

Guardado en:
Detalles Bibliográficos
Autor principal: Tạ Minh
Formato: Libro
Lenguaje:Undetermined
Publicado: Tp.HCM Nxb. Tp.HCM 2001
Materias:
Etiquetas: Agregar Etiqueta
Sin Etiquetas, Sea el primero en etiquetar este registro!
Thư viện lưu trữ: Trung tâm Học liệu Trường Đại học Cần Thơ
LEADER 00562nam a2200217Ia 4500
001 CTU_44173
008 210402s9999 xx 000 0 und d
020 |b 15.000đ 
082 |a 301 
082 |b M312 
100 |a Tạ Minh 
245 0 |a Nhập môn xã hội học 
245 0 |c Tạ Minh, Trần Tuấn Phát 
260 |a Tp.HCM 
260 |b Nxb. Tp.HCM 
260 |c 2001 
526 |a Giáo dục học 
526 |b SP079 
650 |a sociology 
904 |i Minh, 011025 
980 |a Trung tâm Học liệu Trường Đại học Cần Thơ